Score 0/20 Timer 04:00
0 Plays Today
Hint Surname % Correct
Clint _____Eastwood
94.6%
Mel _____Gibson
92.4%
Ben _____Affleck
87.1%
Francis Ford _____Coppola
85%
Steven _____Spielberg
83.2%
Ang _____Lee
81.2%
James _____Cameron
80.7%
Warren _____Beatty
76%
Roman _____Polanski
75.3%
Oliver _____Stone
74.8%
Hint Surname % Correct
Barbra _____Streisand
74.1%
Peter _____Jackson
68.8%
Martin _____Scorsese
56%
Danny _____Boyle
42.5%
Sam _____Mendes
39.9%
MiloŇ° _____Forman
39.1%
Richard _____Attenborough
37.4%
David _____Fincher
35.8%
Bernardo _____Bertolucci
24.1%
William _____Friedkin
19.4%

Today's Daily Dose

Missing Word
I Hardly Know Her!

Word Ladder
Sentence Ending

Quick Pick
Female Firsts

Get the Picture
Triathlon Sports

Remove Ads.
Support Sporcle.
Get the best of Sporcle when you Go Orange. This ad-free experience offers more features, more stats, and more fun while also helping to support Sporcle. Thank you for becoming a member.

You're not logged in!

Compare scores with friends on all Sporcle quizzes.
OR
Log In

Show Comments

Extras

Top Quizzes Today


Score Distribution

Your Account Isn't Verified!

In order to create a playlist on Sporcle, you need to verify the email address you used during registration. Go to your Sporcle Settings to finish the process.

Report this User

Report this user for behavior that violates our Community Guidelines.

Details: